00657cam a22002417a 4500003000500000005001700005008004100022010001000063011001000073035001000083040000900093082001700102100001700119245008300136260004500219300001100264490002700275650001700302650002800319650001700347700002400364830002700388CHAP20220329142545.0010926d2000 mx r 00110 spa d a84863 a85835 a96372 cCHAP04a330.15bA52Y00aAmin, Samir.13aLa cuestión campesina y el capitalismoc/por Samir Amin y Kostas Vergopoulos aMéxico, D.F. :bNuestro tiempo,c1975. a237 p. 0aColección Desarrollo14aCampesinado.14aCapital en agricultura.14aCapitalismo.00aVergopoulos, Kostas0 aColección Desarrollo